[Event "Gibert Cup"]
[Site "Paisley"]
[Date "2018.07.16"]
[Round "1.1"]
[White "Ryder, Kynesha"]
[Black "Toure, Shanthi"]
[Result "1/2-1/2"]
[WhiteElo "1452"]
[BlackElo "1872"]
[PlyCount "83"]
[EventDate "2018.07.16"]
[WhiteTeam "Ireland"]
[BlackTeam "France"]
[WhiteTeamCountry "IRL"]
[BlackTeamCountry "FRA"]

1. e4 e5 2. c4 Nc6 3. Nc3 d5 4. g3 Be6 5. d3 Qd7 6. Bg2 Nd4 7. h3 Ne7 8. Nge2
Nec6 9. Be3 Be7 10. Nb5 Nxe2 11. Qxe2 a6 12. Nc3 Nd4 13. Bxd4 exd4 14. Nxd5 f6
15. Nxe7 Qxe7 16. f4 Rb8 17. O-O c5 18. Qd2 b5 19. b3 bxc4 20. bxc4 Qd8 21.
Rab1 O-O 22. Rb2 f5 23. Kh2 Qc7 24. Rfb1 Rxb2 25. Rxb2 Bc8 26. exf5 Rxf5 27.
Bd5+ Kh8 28. Qe1 Rf8 29. Re2 Qd8 30. Re7 Bd7 31. Qe2 a5 32. Qe4 Bf5 33. Qe1 Bd7
34. Re2 Bf5 35. Be4 Bd7 36. Rb2 Bc8 37. Rb5 a4 38. Ra5 Qd7 39. Bg2 Qf5 40. Qe2
Bd7 41. Ra6 Qf6 42. Ra8 1/2-1/2

[Event "Gibert Cup"]
[Site "Paisley"]
[Date "2018.07.16"]
[Round "1.1"]
[White "Imperor, Amelie"]
[Black "Ni Mhuireagain, Eibhia"]
[Result "1-0"]
[WhiteElo "1912"]
[BlackElo "1611"]
[PlyCount "41"]
[EventDate "2018.07.16"]
[WhiteTeam "France"]
[BlackTeam "Ireland"]
[WhiteTeamCountry "FRA"]
[BlackTeamCountry "IRL"]

1. e4 d5 2. exd5 Qxd5 3. Nc3 Qd6 4. Nf3 c6 5. d4 Bg4 6. Be2 Nd7 7. d5 cxd5 8.
Nb5 Qb8 9. Qxd5 Be6 10. Qd4 Qd8 11. Bf4 Rc8 12. Qxa7 Bd5 13. Qe3 e6 14. O-O
Ngf6 15. Nfd4 Bc5 16. c4 Bc6 17. Nd6+ Bxd6 18. Bxd6 Nf8 19. Nf5 Rg8 20. Rad1
Qa5 21. Ne7 1-0

[Event "Gibert Cup"]
[Site "Paisley"]
[Date "2018.07.16"]
[Round "1.2"]
[White "Sivarajasingam, Shayanna"]
[Black "Jaufarally, Nadia"]
[Result "0-1"]
[WhiteElo "1780"]
[BlackElo "1988"]
[PlyCount "100"]
[EventDate "2018.07.16"]
[WhiteTeam "Wales"]
[BlackTeam "England"]
[WhiteTeamCountry "WLS"]
[BlackTeamCountry "ENG"]

1. e4 c5 2. Nf3 g6 3. c3 Bg7 4. d4 cxd4 5. cxd4 d5 6. e5 Bg4 7. h3 Bxf3 8. Bb5+
Nd7 9. Qxf3 e6 10. Nc3 Ne7 11. Bg5 O-O 12. Bxd7 Qxd7 13. Bf6 Nf5 14. Rd1 Bxf6
15. exf6 Qd8 16. h4 h5 17. g4 hxg4 18. Qxg4 Qxf6 19. h5 g5 20. Rd3 Kh7 21. Rg1
Rg8 22. Rf3 Qe7 23. Kd1 Nh6 24. Qg2 Qb4 25. Kc2 Qxd4 26. Rd1 Qc5 27. Kb1 Rac8
28. Qf1 Qc4 29. Nb5 Qxf1 30. Rxf1 a6 31. Nd4 Rce8 32. Rc1 Re7 33. Rfc3 e5 34.
Nf3 f6 35. Nd2 Rge8 36. Rc5 Rd8 37. Rc7 Rdd7 38. R7c2 e4 39. Nb3 d4 40. Nc5 Rd8
41. Rd1 Ng4 42. Rcd2 d3 43. Nb3 Ne5 44. Rc1 Ng4 45. Rcd1 Kg7 46. Nc5 Nxf2 47.
Rxf2 e3 48. Rh2 e2 49. h6+ Kh7 50. Rxe2 dxe2 0-1

[Event "Gibert Cup"]
[Site "Paisley"]
[Date "2018.07.16"]
[Round "1.2"]
[White "Bennet-Stevens, Lucy"]
[Black "Fraser, Susanna"]
[Result "1-0"]
[WhiteElo "1742"]
[BlackElo "1537"]
[PlyCount "85"]
[EventDate "2018.07.16"]
[WhiteTeam "England"]
[BlackTeam "Wales"]
[WhiteTeamCountry "ENG"]
[BlackTeamCountry "WLS"]

1. e4 e5 2. Nf3 Nc6 3. Bb5 Nge7 4. O-O g6 5. d4 exd4 6. Nxd4 Bg7 7. c3 a6 8.
Ba4 b5 9. Bc2 Bb7 10. f4 Nxd4 11. cxd4 d5 12. e5 Bc8 13. a4 Bf5 14. g4 Bxc2 15.
Qxc2 Qd7 16. f5 Nc6 17. Be3 Na5 18. b3 Rb8 19. Qc3 b4 20. Qc2 Nb7 21. Bf4 Rg8
22. Bg3 Nd8 23. Qe2 Rb6 24. Nd2 Qc8 25. Rac1 Nc6 26. Qe3 gxf5 27. gxf5 Nd8 28.
Qf3 Qd7 29. Rc5 c6 30. Re1 Rb7 31. Qh5 Kf8 32. Nf3 h6 33. Kf2 Rc7 34. f6 Bh8
35. Qxh6+ Ke8 36. e6 Nxe6 37. Bxc7 Qxc7 38. Qh7 Rf8 39. Rxe6+ Kd8 40. Rexc6 Qd7
41. Ne5 Qxc6 42. Rxc6 Bxf6 43. Rxf6 1-0

[Event "Gibert Cup"]
[Site "Paisley"]
[Date "2018.07.16"]
[Round "1.2"]
[White "Mcintosh, Rachel"]
[Black "Weersing, Sarah"]
[Result "1/2-1/2"]
[WhiteElo "1545"]
[BlackElo "1608"]
[PlyCount "51"]
[EventDate "2018.07.16"]
[WhiteTeam "Wales"]
[BlackTeam "England"]
[WhiteTeamCountry "WLS"]
[BlackTeamCountry "ENG"]

1. e4 e6 2. d4 d5 3. Nc3 Nf6 4. e5 Nfd7 5. f4 c5 6. Nf3 Qb6 7. Bb5 a6 8. Bxd7+
Bxd7 9. O-O Nc6 10. Ne2 cxd4 11. Nfxd4 Bc5 12. c3 O-O 13. Kh1 f6 14. Nxc6 Qxc6
15. Nd4 Qc7 16. Nf3 fxe5 17. Nxe5 Bd6 18. Nxd7 Qxd7 19. Be3 Rf7 20. Qd2 Raf8
21. b3 Qc7 22. g3 Qc6 23. Kg1 Kh8 24. Rad1 b5 25. Qd3 Bc5 26. Rde1 1/2-1/2

[Event "Gibert Cup"]
[Site "Paisley"]
[Date "2018.07.17"]
[Round "1.3"]
[White "Hegde, Stuthi"]
[Black "Roebers, Eline"]
[Result "0-1"]
[WhiteElo "1512"]
[BlackElo "1901"]
[PlyCount "50"]
[EventDate "2018.07.16"]
[WhiteTeam "England"]
[BlackTeam "Scotland"]
[WhiteTeamCountry "ENG"]
[BlackTeamCountry "SCO"]

1. d4 Nf6 2. Nf3 g6 3. Bf4 Bg7 4. Nc3 O-O 5. e4 d6 6. Be2 a6 7. O-O b5 8. a3
Bb7 9. Bd3 c5 10. dxc5 dxc5 11. e5 Nd5 12. Nxd5 Bxd5 13. Re1 Nc6 14. Be4 e6 15.
Bxd5 exd5 16. Bg5 Qd7 17. c3 h6 18. Be3 c4 19. Bc5 Rfe8 20. Bd6 Rad8 21. a4
bxa4 22. Rxa4 Qf5 23. Nd4 Nxd4 24. Qxd4 Rxd6 25. Qc5 Rde6 0-1

[Event "Gibert Cup"]
[Site "Paisley"]
[Date "2018.07.16"]
[Round "1.3"]
[White "Duson, Robin"]
[Black "Smith, Rachel Lorna"]
[Result "1/2-1/2"]
[WhiteElo "1990"]
[BlackElo "1557"]
[PlyCount "108"]
[EventDate "2018.07.16"]
[WhiteTeam "Netherlands"]
[BlackTeam "Scotland"]
[WhiteTeamCountry "NED"]
[BlackTeamCountry "SCO"]

1. e4 c5 2. Nf3 Nc6 3. Bb5 g6 4. Bxc6 bxc6 5. O-O Bg7 6. Re1 Nf6 7. e5 Nd5 8.
c4 Nb6 9. d4 cxd4 10. Qxd4 O-O 11. Nc3 d5 12. c5 Nd7 13. Bf4 f6 14. e6 f5 15.
Ne5 Nxe5 16. Bxe5 Bxe5 17. Rxe5 Rb8 18. b4 a5 19. a3 Rf6 20. Rae1 axb4 21. axb4
Ra8 22. h4 Qc7 23. b5 Bb7 24. bxc6 Qxc6 25. Nxd5 Kg7 26. f3 Rd8 27. Rd1 Rxd5
28. Qxd5 Qxd5 29. Rdxd5 Bxd5 30. Rxd5 Rxe6 31. Kf2 Kf6 32. f4 Re4 33. g3 Ke6
34. Rd8 Rc4 35. Rh8 h5 36. Rg8 Kf6 37. Rc8 e6 38. c6 Ke7 39. c7 Kd6 40. Rd8+
Kxc7 41. Rg8 Kd6 42. Rxg6 Kd5 43. Rh6 e5 44. Rxh5 Ke4 45. fxe5 Kxe5 46. Rg5 Ke4
47. h5 Rc2+ 48. Kg1 f4 49. Rg4 Kf3 50. Rxf4+ Kxg3 51. Rf7 Rc5 52. h6 Rh5 53.
Rf6 Kg4 54. Ra6 Kf4 1/2-1/2

[Event "Gibert Cup"]
[Site "Paisley"]
[Date "2018.07.16"]
[Round "2.1"]
[White "Ni Mhuireagain, Eibhia"]
[Black "Smith, Rachel Lorna"]
[Result "1-0"]
[WhiteElo "1611"]
[BlackElo "1557"]
[PlyCount "47"]
[EventDate "2018.07.16"]
[WhiteTeam "Ireland"]
[BlackTeam "Scotland"]
[WhiteTeamCountry "IRL"]
[BlackTeamCountry "SCO"]

1. e4 c5 2. c3 d5 3. exd5 Qxd5 4. d4 Nc6 5. Nf3 Nf6 6. h3 Bf5 7. Bd3 cxd4 8.
cxd4 e6 9. a3 Qa5+ 10. Nc3 Nd5 11. Bd2 a6 12. Bc4 Nxc3 13. Bxc3 Qc7 14. O-O b5
15. Ba2 Rd8 16. Qe2 b4 17. axb4 Bxb4 18. d5 Bxc3 19. bxc3 Ne7 20. Nd4 Bxh3 21.
dxe6 fxe6 22. Qh5+ g6 23. Qxh3 Qxc3 24. Qxc3 1-0

[Event "Gibert Cup"]
[Site "Paisley"]
[Date "2018.07.16"]
[Round "2.2"]
[White "Jaufarally, Nadia"]
[Black "Duson, Robin"]
[Result "0-1"]
[WhiteElo "1988"]
[BlackElo "1990"]
[PlyCount "62"]
[EventDate "2018.07.16"]
[WhiteTeam "England"]
[BlackTeam "Netherlands"]
[WhiteTeamCountry "ENG"]
[BlackTeamCountry "NED"]

1. e4 c5 2. Nf3 e6 3. d4 cxd4 4. Nxd4 Nc6 5. Nc3 Qc7 6. Be2 a6 7. O-O Nf6 8.
Kh1 Nxd4 9. Qxd4 Bc5 10. Qd3 b5 11. f4 Bb7 12. Bf3 h5 13. e5 Ng4 14. Ne4 Bxe4
15. Qxe4 Rc8 16. Bxg4 hxg4 17. f5 g3 18. h3 Bf2 19. Bg5 Qc6 20. Qf4 exf5 21.
Qxf5 Qe6 22. Qxe6+ dxe6 23. Rad1 Rh5 24. Bf4 g5 25. Bc1 g4 26. Rd6 Kf8 27. c3
Kg7 28. Rfd1 Rxe5 29. Rxa6 Rd8 30. Rf1 Re1 31. Rxe1 Bxe1 0-1

[Event "Gibert Cup"]
[Site "Paisley"]
[Date "2018.07.16"]
[Round "2.2"]
[White "Roebers, Eline"]
[Black "Bennet-Stevens, Lucy"]
[Result "0-1"]
[WhiteElo "1901"]
[BlackElo "1742"]
[PlyCount "64"]
[EventDate "2018.07.16"]
[WhiteTeam "Netherlands"]
[BlackTeam "England"]
[WhiteTeamCountry "NED"]
[BlackTeamCountry "ENG"]

1. e4 c5 2. b4 d5 3. exd5 cxb4 4. c4 e6 5. Qb3 Nf6 6. dxe6 Bxe6 7. Be2 Bc5 8.
Nf3 Nc6 9. O-O O-O 10. Bb2 a5 11. d4 a4 12. Qc2 Bxd4 13. Rd1 Bxf2+ 14. Kxf2
Ng4+ 15. Kg1 Ne3 16. Rxd8 Nxc2 17. Rxf8+ Kxf8 18. Nbd2 Nxa1 19. Bxa1 Rd8 20.
Kf2 f6 21. Ne4 b6 22. Ke3 Na5 23. Ned2 Re8 24. Kf2 Rc8 25. Bd4 Nxc4 26. Nxc4
Bxc4 27. Bxc4 Rxc4 28. Bxb6 Rc2+ 29. Kg3 Kf7 30. Ba5 b3 31. axb3 axb3 32. Nd4
Rxg2+ 0-1

[Event "Gibert Cup"]
[Site "Paisley"]
[Date "2018.07.16"]
[Round "2.2"]
[White "Weersing, Sarah"]
[Black "Martinez, Anna"]
[Result "1/2-1/2"]
[WhiteElo "1608"]
[BlackElo "1829"]
[PlyCount "39"]
[EventDate "2018.07.16"]
[WhiteTeam "England"]
[BlackTeam "Netherlands"]
[WhiteTeamCountry "ENG"]
[BlackTeamCountry "NED"]

1. d4 Nf6 2. Nf3 e6 3. c4 d5 4. Nc3 Be7 5. Bf4 c6 6. e3 O-O 7. Be2 Nbd7 8. O-O
Nh5 9. Be5 f6 10. Bg3 Nxg3 11. fxg3 f5 12. Nd2 Bg5 13. Rf3 Nf6 14. Nf1 Bd7 15.
Rf2 dxc4 16. Bxc4 b5 17. Rxf5 Nd5 18. Rxf8+ Qxf8 19. Bxd5 exd5 20. Qh5 1/2-1/2

[Event "Gibert Cup"]
[Site "Paisley"]
[Date "2018.07.16"]
[Round "2.3"]
[White "Imperor, Amelie"]
[Black "Sivarajasingam, Shayanna"]
[Result "1/2-1/2"]
[WhiteElo "1912"]
[BlackElo "1780"]
[PlyCount "48"]
[EventDate "2018.07.16"]
[WhiteTeam "France"]
[BlackTeam "Wales"]
[WhiteTeamCountry "FRA"]
[BlackTeamCountry "WLS"]

1. e4 e6 2. d4 d5 3. Nd2 dxe4 4. Nxe4 Nd7 5. Nf3 Ngf6 6. Bd3 Nxe4 7. Bxe4 Nf6
8. Qe2 Nxe4 9. Qxe4 Qd5 10. Qxd5 exd5 11. Bf4 c6 12. O-O-O f6 13. Rde1+ Kf7 14.
Re3 g5 15. Bg3 Bh6 16. Nd2 Bd7 17. Rhe1 Rhe8 18. Rxe8 Rxe8 19. Rxe8 Bxe8 20.
Bb8 a6 21. Nb3 Bd7 22. Nc5 Bc8 23. Bc7 Bf8 24. Kd2 Bxc5 1/2-1/2

[Event "Gibert Cup"]
[Site "Paisley"]
[Date "2018.07.16"]
[Round "2.3"]
[White "Fraser, Susanna"]
[Black "Toure, Shanthi"]
[Result "1-0"]
[WhiteElo "1537"]
[BlackElo "1872"]
[PlyCount "105"]
[EventDate "2018.07.16"]
[WhiteTeam "Wales"]
[BlackTeam "France"]
[WhiteTeamCountry "WLS"]
[BlackTeamCountry "FRA"]

1. d4 d5 2. c4 e6 3. Nf3 Nf6 4. g3 dxc4 5. Bg2 Nbd7 6. O-O Nb6 7. Ne5 c5 8.
Nxc4 cxd4 9. Ne5 Be7 10. Nf3 Bc5 11. Bg5 O-O 12. Nbd2 d3 13. exd3 Nbd7 14. Nc4
h6 15. Bxf6 Nxf6 16. Qb3 Nd5 17. Nfd2 Rb8 18. Ne4 Bd4 19. Na5 Qxa5 20. Rac1 Bd7
21. Rc4 e5 22. Rfc1 Bb5 23. Rxd4 exd4 24. Qxd5 Qb6 25. Nc5 Rfd8 26. Qf5 Qc7 27.
Nb3 Qd7 28. Qf4 b6 29. Rc7 Qe8 30. Be4 a5 31. Qf5 g6 32. Qf6 Rd7 33. Rxd7 Bxd7
34. Nxd4 b5 35. Bd5 Bf5 36. Nxf5 gxf5 37. Qg6+ Kf8 38. Qxh6+ Ke7 39. Qg5+ Kf8
40. h4 Qe5 41. Qh6+ Ke7 42. Qg5+ Kf8 43. Bf3 Rc8 44. h5 Rc2 45. Qd8+ Kg7 46.
Qg5+ Kf8 47. Kg2 Qe1 48. Qd8+ Kg7 49. Qd4+ Kf8 50. h6 Rc1 51. Qd8+ Qe8 52.
Qxe8+ Kxe8 53. h7 1-0

[Event "Gibert Cup"]
[Site "Paisley"]
[Date "2018.07.16"]
[Round "2.3"]
[White "El Barbry, Sarah"]
[Black "Mcintosh, Rachel"]
[Result "1-0"]
[WhiteElo "1851"]
[BlackElo "1545"]
[PlyCount "37"]
[EventDate "2018.07.16"]
[WhiteTeam "France"]
[BlackTeam "Wales"]
[WhiteTeamCountry "FRA"]
[BlackTeamCountry "WLS"]

1. e4 e6 2. d4 d5 3. exd5 exd5 4. Bd3 Nf6 5. Nf3 c5 6. c3 Nc6 7. O-O Be7 8.
dxc5 Bxc5 9. Re1+ Ne7 10. b4 Bd6 11. Bg5 O-O 12. Bxf6 gxf6 13. Nh4 Ng6 14. Qh5
Qd7 15. Nf5 Kh8 16. Re3 Nf4 17. Qh6 Ne6 18. Qxf6+ Kg8 19. Nh6# 1-0

[Event "Gibert Cup"]
[Site "Paisley"]
[Date "2018.07.17"]
[Round "3.1"]
[White "Sivarajasingam, Shayanna"]
[Black "Ni Mhuireagain, Eibhia"]
[Result "1-0"]
[WhiteElo "1780"]
[BlackElo "1611"]
[PlyCount "57"]
[EventDate "2018.07.16"]
[WhiteTeam "Wales"]
[BlackTeam "Ireland"]
[WhiteTeamCountry "WLS"]
[BlackTeamCountry "IRL"]

1. e4 d5 2. exd5 Qxd5 3. Nc3 Qd6 4. d4 c6 5. Bc4 Nf6 6. Nge2 Bf5 7. Bf4 Qd8 8.
Qd2 e6 9. f3 Be7 10. g4 Bg6 11. h4 h5 12. g5 Nd5 13. O-O-O Nxf4 14. Nxf4 Bf5
15. Qf2 Nd7 16. g6 fxg6 17. Nxe6 Bxe6 18. Bxe6 Qc7 19. Qe3 O-O-O 20. d5 Kb8 21.
dxc6 Qxc6 22. Bxd7 Rxd7 23. Rxd7 Qxd7 24. Rd1 Qe8 25. Re1 Qc6 26. Qxe7 Rc8 27.
Qxg7 Qxf3 28. Qe5+ Ka8 29. Nd5 1-0

[Event "Gibert Cup"]
[Site "Paisley"]
[Date "2018.07.17"]
[Round "3.1"]
[White "Ryder, Kynesha"]
[Black "Fraser, Susanna"]
[Result "1/2-1/2"]
[WhiteElo "1452"]
[BlackElo "1537"]
[PlyCount "47"]
[EventDate "2018.07.16"]
[WhiteTeam "Ireland"]
[BlackTeam "Wales"]
[WhiteTeamCountry "IRL"]
[BlackTeamCountry "WLS"]

1. e4 e5 2. c4 Nc6 3. Nc3 g6 4. g3 Bg7 5. Bg2 d6 6. d3 Nf6 7. Nge2 O-O 8. O-O
Be6 9. Nd5 Qd7 10. Bg5 Bxd5 11. cxd5 Ne7 12. Qd2 Rfe8 13. Rac1 c6 14. dxc6 Nxc6
15. Rc2 a6 16. Rfc1 Rac8 17. Be3 d5 18. Bc5 d4 19. f4 Bh6 20. Rf1 Qc7 21. Bh3
Rcd8 22. Qd1 exf4 23. Nxf4 Qb8 24. Bb6 1/2-1/2

[Event "Gibert Cup"]
[Site "Paisley"]
[Date "2018.07.17"]
[Round "3.2"]
[White "Duson, Robin"]
[Black "Imperor, Amelie"]
[Result "1-0"]
[WhiteElo "1990"]
[BlackElo "1912"]
[PlyCount "73"]
[EventDate "2018.07.16"]
[WhiteTeam "Netherlands"]
[BlackTeam "France"]
[WhiteTeamCountry "NED"]
[BlackTeamCountry "FRA"]

1. d4 Nf6 2. c4 c5 3. d5 e6 4. Nc3 exd5 5. cxd5 d6 6. e4 g6 7. Nge2 Bg7 8. Ng3
O-O 9. Be2 b6 10. O-O Ba6 11. Bg5 h6 12. Bxa6 Nxa6 13. Be3 Qd7 14. f3 b5 15.
Qd2 Kh7 16. a4 b4 17. Nb5 Qe7 18. Rfd1 Rac8 19. Rac1 Nb8 20. e5 Ne8 21. exd6
Nxd6 22. Bxc5 Rxc5 23. Rxc5 a6 24. Nxd6 Qxd6 25. Ne4 Qb6 26. a5 Qa7 27. Qf2 Nd7
28. Rc6 Qxf2+ 29. Kxf2 Bxb2 30. Nc5 Nxc5 31. Rxc5 b3 32. d6 Bf6 33. d7 b2 34.
Rc8 Rd8 35. Rxd8 Bxd8 36. Rb1 Bf6 37. Rxb2 1-0

[Event "Gibert Cup"]
[Site "Paisley"]
[Date "2018.07.17"]
[Round "3.2"]
[White "Toure, Shanthi"]
[Black "Roebers, Eline"]
[Result "0-1"]
[WhiteElo "1872"]
[BlackElo "1901"]
[PlyCount "92"]
[EventDate "2018.07.16"]
[WhiteTeam "France"]
[BlackTeam "Netherlands"]
[WhiteTeamCountry "FRA"]
[BlackTeamCountry "NED"]

1. e4 c6 2. d4 d5 3. Nc3 dxe4 4. Nxe4 Bf5 5. Ng3 Bg6 6. Nh3 e6 7. Nf4 Bd6 8. h4
Qc7 9. Nxg6 hxg6 10. Qf3 Nf6 11. Bg5 Nbd7 12. Bc4 c5 13. dxc5 Qxc5 14. Bb3 Bxg3
15. fxg3 Qe5+ 16. Qe3 Qxe3+ 17. Bxe3 Ne4 18. g4 g5 19. h5 Ndf6 20. Bd4 a6 21.
c4 O-O-O 22. O-O-O Rd7 23. Rhe1 Nd6 24. Be5 Nde8 25. Rxd7 Nxd7 26. Bg3 Nef6 27.
Bd1 Nc5 28. Re3 Rd8 29. Bf3 Rd4 30. b3 Nxg4 31. Re2 Nf6 32. Kc2 g4 33. Bf2 gxf3
34. gxf3 Rf4 35. Bxc5 Rxf3 36. Bb6 Rf5 37. Rd2 Nd7 38. Bd4 e5 39. Be3 Rxh5 40.
b4 g5 41. Rg2 f5 42. a4 e4 43. Bd4 g4 44. Be3 Rh3 45. Bd4 Rf3 46. Kd2 Rd3+ 0-1

[Event "Gibert Cup"]
[Site "Paisley"]
[Date "2018.07.17"]
[Round "3.2"]
[White "Martinez, Anna"]
[Black "El Barbry, Sarah"]
[Result "1/2-1/2"]
[WhiteElo "1829"]
[BlackElo "1851"]
[PlyCount "140"]
[EventDate "2018.07.16"]
[WhiteTeam "Netherlands"]
[BlackTeam "France"]
[WhiteTeamCountry "NED"]
[BlackTeamCountry "FRA"]

1. e4 e6 2. d4 d5 3. Bd3 Nf6 4. e5 Nfd7 5. Nf3 Nc6 6. c3 f6 7. exf6 Qxf6 8. O-O
Bd6 9. Qe2 O-O 10. Ng5 g6 11. Qxe6+ Qxe6 12. Nxe6 Re8 13. Ng5 Nf6 14. Rd1 Bg4
15. Nf3 Nh5 16. Nbd2 Nf4 17. Bf1 Re7 18. h3 Bd7 19. Nb3 Rf8 20. Be3 Nxh3+ 21.
gxh3 Rxf3 22. Bg2 Rf5 23. Nc5 Bc8 24. h4 b6 25. Nd3 Re8 26. c4 Kg7 27. Bxd5 Bd7
28. Bg2 Rf7 29. Rac1 Nd8 30. c5 Bg3 31. fxg3 Rxe3 32. Ne5 Re7 33. Kf2 R3xe5 34.
dxe5 Nf7 35. cxb6 cxb6 36. Rc7 Nxe5 37. Bh3 Rf7+ 38. Ke3 Bxh3 39. Rdc1 a5 40.
Ke4 Nd7 41. Ke3 Bg4 42. R1c3 Kf8 43. Kd4 Rf2 44. Rc2 Rf1 45. Rc1 Rf7 46. R1c3
Be6 47. b3 Rf6 48. R3c6 Ke7 49. Rxb6 Kd8 50. Rbc6 Nb8 51. Rc3 Bd7 52. R7c5 Nc6+
53. Ke3 Rd6 54. R3c4 Re6+ 55. Kf4 h6 56. g4 Ke7 57. Re4 Rxe4+ 58. Kxe4 Kd6 59.
Rd5+ Kc7 60. Kf4 Be6 61. Rb5 a4 62. bxa4 Bxa2 63. h5 g5+ 64. Kf5 Nd4+ 65. Kg6
Nxb5 66. axb5 Be6 67. Kxh6 Bxg4 68. Kxg5 Bxh5 69. Kxh5 Kb6 70. Kg5 Kxb5 1/2-1/2

[Event "Gibert Cup"]
[Site "Paisley"]
[Date "2018.07.17"]
[Round "3.3"]
[White "Smith, Rachel Lorna"]
[Black "Jaufarally, Nadia"]
[Result "1-0"]
[WhiteElo "1557"]
[BlackElo "1988"]
[PlyCount "103"]
[EventDate "2018.07.16"]
[WhiteTeam "Scotland"]
[BlackTeam "England"]
[WhiteTeamCountry "SCO"]
[BlackTeamCountry "ENG"]

1. Nf3 Nf6 2. c4 g6 3. Nc3 Bg7 4. g3 O-O 5. Bg2 d6 6. d3 Nc6 7. O-O e5 8. Bd2
Nd7 9. Rb1 a5 10. a3 Ne7 11. b4 axb4 12. axb4 c6 13. b5 d5 14. Qb3 Nc5 15. Qb4
Ne6 16. Na4 e4 17. Ng5 Nd4 18. dxe4 h6 19. e3 Ne2+ 20. Kh1 hxg5 21. Rfe1 dxe4
22. Rxe2 Qd3 23. Ree1 Rd8 24. Nb6 Ra2 25. Qxe7 Qxd2 26. Nxc8 Rxc8 27. Qxe4 cxb5
28. cxb5 Qxf2 29. Rf1 Qe2 30. Rfe1 Qd2 31. Qd5 Qc2 32. Qxb7 Kh7 33. Qe4 Qd2 34.
Red1 Qe2 35. Re1 Qd2 36. Qd5 Qc2 37. b6 Rd8 38. Qe4 Qd2 39. b7 Rb2 40. Rf1 f5
41. Qf3 g4 42. Rxb2 Qxb2 43. Qc6 Qe2 44. Qc1 Rd2 45. Rg1 Be5 46. Qe1 Qd3 47.
Rf1 Qc2 48. Rg1 Re2 49. Qf1 Rxe3 50. Qb1 Qc7 51. Rc1 Rb3 52. Rxc7+ 1-0

[Event "Gibert Cup"]
[Site "Paisley"]
[Date "2018.07.17"]
[Round "3.3"]
[White "Bennet-Stevens, Lucy"]
[Black "Hegde, Stuthi"]
[Result "1/2-1/2"]
[WhiteElo "1742"]
[BlackElo "1512"]
[PlyCount "56"]
[EventDate "2018.07.16"]
[WhiteTeam "England"]
[BlackTeam "Scotland"]
[WhiteTeamCountry "ENG"]
[BlackTeamCountry "SCO"]

1. e4 c5 2. Nf3 Nc6 3. Bb5 g6 4. O-O Bg7 5. Re1 e6 6. d3 Nge7 7. Nc3 O-O 8. Bg5
a6 9. Bxc6 dxc6 10. e5 f6 11. exf6 Bxf6 12. Bxf6 Rxf6 13. Ne4 Rf5 14. g4 Rf4
15. Nh4 e5 16. h3 Nd5 17. Ng2 Rf7 18. Qe2 b6 19. Kh2 Nf4 20. Qe3 h5 21. f3 hxg4
22. fxg4 Be6 23. Nxf4 exf4 24. Qf3 Bd5 25. c4 Bxe4 26. dxe4 Qc7 27. Rad1 Rd8
28. Kg2 Rd4 1/2-1/2

[Event "Gibert Cup"]
[Site "Paisley"]
[Date "2018.07.17"]
[Round "4.1"]
[White "Ni Mhuireagain, Eibhia"]
[Black "Jaufarally, Nadia"]
[Result "0-1"]
[WhiteElo "1611"]
[BlackElo "1988"]
[PlyCount "90"]
[EventDate "2018.07.16"]
[WhiteTeam "Ireland"]
[BlackTeam "England"]
[WhiteTeamCountry "IRL"]
[BlackTeamCountry "ENG"]

1. e4 c5 2. c3 d5 3. exd5 Qxd5 4. d4 Nf6 5. Nf3 Nc6 6. Bd3 e6 7. Be3 Be7 8. O-O
O-O 9. a3 Rd8 10. Qe2 Ng4 11. Nbd2 cxd4 12. Nxd4 Nxe3 13. fxe3 Bf6 14. Ne4 Be5
15. Rad1 b6 16. Nf3 f5 17. Bc2 Qa5 18. Rxd8+ Nxd8 19. Nxe5 Qxe5 20. Qh5 Nf7 21.
Qf3 Bb7 22. Nf6+ gxf6 23. Qxb7 Qxe3+ 24. Rf2 Rd8 25. Bb3 Rd2 26. Qf3 Qxf3 27.
Rxf3 Re2 28. Rf2 Re1+ 29. Rf1 Rxf1+ 30. Kxf1 e5 31. Be6 f4 32. b4 Kf8 33. Bf5
h6 34. Ke2 Nd6 35. Be6 Ke7 36. Bd5 Nb5 37. c4 Nc3+ 38. Kd3 Nxd5 39. cxd5 Kd6
40. Ke4 f5+ 41. Kxf5 Kxd5 42. h4 Kd4 43. a4 e4 44. Kg6 e3 45. Kxh6 e2 0-1

[Event "Gibert Cup"]
[Site "Paisley"]
[Date "2018.07.17"]
[Round "4.1"]
[White "Bennet-Stevens, Lucy"]
[Black "Ryder, Kynesha"]
[Result "1-0"]
[WhiteElo "1742"]
[BlackElo "1452"]
[PlyCount "103"]
[EventDate "2018.07.16"]
[WhiteTeam "England"]
[BlackTeam "Ireland"]
[WhiteTeamCountry "ENG"]
[BlackTeamCountry "IRL"]

1. e4 e5 2. Nf3 Nf6 3. Nxe5 d6 4. Nf3 Nxe4 5. d4 d5 6. Bd3 Nc6 7. O-O Be7 8. c4
O-O 9. Re1 Nf6 10. h3 h6 11. Nc3 Be6 12. b3 Re8 13. Bb2 Nb4 14. Bf1 Bf5 15. Rc1
c5 16. a3 Na6 17. dxc5 dxc4 18. c6 bxc6 19. Bxc4 Nc5 20. Ne5 Ne6 21. Nxc6 Qxd1
22. Nxe7+ Rxe7 23. Rcxd1 Ree8 24. Re5 Bg6 25. Rde1 Nd7 26. R5e3 Nc7 27. Rxe8+
Nxe8 28. Nd5 Bc2 29. Re2 Bb1 30. Bd4 Nd6 31. Nc3 Bf5 32. Bd5 Rc8 33. g4 Bg6 34.
Re7 Nb6 35. Bg2 Bc2 36. b4 Rc4 37. Ne2 Nbc8 38. Re3 Bd1 39. Bc5 a6 40. Nc3 Bc2
41. Bf1 Kh7 42. Bxc4 Nxc4 43. Re8 N4d6 44. Bxd6 Nxd6 45. Ra8 Bd3 46. a4 Kg6 47.
Rb8 Nc4 48. b5 axb5 49. axb5 Na5 50. Ra8 Nb7 51. b6 Bc4 52. Ra7 1-0

[Event "Gibert Cup"]
[Site "Paisley"]
[Date "2018.07.17"]
[Round "4.2"]
[White "Imperor, Amelie"]
[Black "Smith, Rachel Lorna"]
[Result "1-0"]
[WhiteElo "1912"]
[BlackElo "1557"]
[PlyCount "127"]
[EventDate "2018.07.16"]
[WhiteTeam "France"]
[BlackTeam "Scotland"]
[WhiteTeamCountry "FRA"]
[BlackTeamCountry "SCO"]

1. e4 c5 2. Nf3 Nc6 3. Bb5 g6 4. Bxc6 bxc6 5. O-O Bg7 6. Re1 Nf6 7. e5 Nd5 8.
b3 O-O 9. Bb2 a5 10. a4 Nb4 11. Na3 Ba6 12. d3 d5 13. exd6 exd6 14. Bxg7 Kxg7
15. Qd2 Qf6 16. Nc4 Bxc4 17. dxc4 Rfe8 18. c3 Na6 19. Rad1 Rxe1+ 20. Rxe1 Rb8
21. Ng5 Rxb3 22. Ne4 Qe5 23. f4 Qe7 24. Nxd6 Rb2 25. Rxe7 Rxd2 26. Nxf7 Kf8 27.
Ra7 Nb4 28. Ne5 Rc2 29. cxb4 cxb4 30. Rb7 Ra2 31. Nxc6 Rxa4 32. Nxa5 Rxa5 33.
Rxb4 Ra2 34. Rb7 Rc2 35. Rc7 h5 36. c5 Rc4 37. g3 Rc2 38. c6 Ke8 39. Rc8+ Ke7
40. c7 Rc6 41. Rg8 Kd7 42. c8=Q+ Rxc8 43. Rxg6 Rh8 44. Kg2 Ke7 45. Kh3 Kf7 46.
Rg5 Kf6 47. Kh4 Rd8 48. Rxh5 Rd2 49. h3 Rd4 50. Kg4 Rb4 51. Rh6+ Kg7 52. Ra6
Rb5 53. h4 Rc5 54. h5 Rb5 55. f5 Rb3 56. Kh4 Rb4+ 57. g4 Rf4 58. Kg5 Rb4 59.
Ra7+ Kf8 60. h6 Kg8 61. f6 Rb5+ 62. Kg6 Rb8 63. Re7 Rf8 64. f7+ 1-0

[Event "Gibert Cup"]
[Site "Paisley"]
[Date "2018.07.17"]
[Round "4.2"]
[White "Hegde, Stuthi"]
[Black "Toure, Shanthi"]
[Result "1/2-1/2"]
[WhiteElo "1512"]
[BlackElo "1872"]
[PlyCount "41"]
[EventDate "2018.07.16"]
[WhiteTeam "Scotland"]
[BlackTeam "France"]
[WhiteTeamCountry "SCO"]
[BlackTeamCountry "FRA"]

1. d4 d5 2. Bf4 Nf6 3. c3 e6 4. Nf3 Nbd7 5. e3 c5 6. Nbd2 Be7 7. Be2 O-O 8. h3
b6 9. O-O Bb7 10. Rc1 Rc8 11. Bd3 Re8 12. Re1 Ne4 13. Bc2 Nd6 14. Ne5 Nxe5 15.
Bxe5 Nf5 16. Qg4 g6 17. Ba4 Rf8 18. Bc2 Re8 19. Ba4 Rf8 20. Bc2 Re8 21. Ba4
1/2-1/2